| 000 | 00599nam a2200193 a 4500 | ||
|---|---|---|---|
| 001 | 3330 | ||
| 005 | 20140414131927.0 | ||
| 008 | 040603s19uu xx 00 eng d | ||
| 020 | _a0-689-71255-3 | ||
| 050 |
_aER _bP66 1988 |
||
| 100 | _aOxenbury, Helen | ||
| 245 |
_aPippo : _cHelen Oxenbury. _bTom and Pippo the washing machine / |
||
| 260 |
_aNew York : _bAladdin Books, _c1988. |
||
| 300 | _a1 v. (unp.) : ill. ; cm. | ||
| 440 | _aPippo 8 | ||
| 520 | _aPippo the toy monkey get washed in the washing machine after playing in the mud with Tom. | ||
| 650 |
_aToys _xFiction. |
||
| 999 |
_c112053 _d112053 |
||